| 000 | 00555cam a22002291 4500 | ||
|---|---|---|---|
| 001 | sa 67002897 | ||
| 003 | DLC | ||
| 005 | 20260227112334.0 | ||
| 008 | 940602m19649999ii 000 0 kano | ||
| 010 | _asa 67002897 | ||
| 025 | _aPL480:I-Kan-729 | ||
| 035 | _a(OCoLC)30538415 | ||
| 040 |
_aDLC _cCU _dCU _dDLC |
||
| 042 | _apremarc | ||
| 050 | 0 | 0 |
_aPL4650.5 _b.J32 |
| 100 | 2 |
_aJavare Gowda, Deve Gowda, _d1918- |
|
| 245 | 1 | 0 | _aSāhitya mārga. |
| 260 | _c[1964- | ||
| 300 |
_av. _c19 cm. |
||
| 500 | _aIn Kannada. | ||
| 650 | 0 | _aKannada literature. | |
| 999 |
_c73507 _d73507 |
||